Multiple-Choice-Stadtquiz Bielefeld - Statistiken

Allgemein
  • Dieses Quiz wurde 1.395 mal gespielt
  • Das Durchschnittsergebnis liegt bei 6 aus 10
Antwortstatistiken
Frage Antwort % Korrekt
Welchen Namen trägt der größte Fußballverein der Stadt? Arminia
94%
In welcher Region liegt Bielefeld? Ostwestfalen-Lippe
86%
Welches Mittelgebirge durchzieht Bielefeld? Teutoburger Wald
76%
Welches deutsche Unternehmen hat seinen Sitz in Bielefeld? Dr. Oetker
72%
Und wie lautet der Spitzname des Vereinsstadions? Alm
71%
Wie viele Einwohner hat Bielefeld etwa? 330.000
59%
Was gilt als Wahrzeichen Bielefelds? Sparrenburg
55%
Der Handel womit war der wirtschaftliche Schwerpunkt Bielefelds im 19. Jahrhundert? Leinen
52%
Was ist KEIN Bielefelder Stadtteil? Altenbeken
48%
In welcher Naturlandschaft liegt der Großteil Bielefelds? Ravensberger Land
22%
Keine übereinstimmenden Quizze gefunden
Verteilung der Resultate
Anzahl Personen mit jedem Resultat
Perzentil nach korrekt beantworteten Fragen
Ihre Resultats-Entwicklung
Sie haben dieses Quiz noch nicht gespielt